Socrate au pays des process (notice n° 2010684)
[ vue normale ]
| 000 -LEADER | |
|---|---|
| fixed length control field | 01236cam a2200133 4500500 |
| 005 - DATE AND TIME OF LATEST TRANSACTION | |
| control field | 20260329055308.0 |
| 041 ## - LANGUAGE CODE | |
| Language code of text/sound track or separate title | fre |
| 042 ## - AUTHENTICATION CODE | |
| Authentication code | dc |
| 100 10 - MAIN ENTRY--PERSONAL NAME | |
| Personal name | de Funès, Julia |
| Relator term | author |
| 245 00 - TITLE STATEMENT | |
| Title | Socrate au pays des process |
| 260 ## - PUBLICATION, DISTRIBUTION, ETC. | |
| Name of publisher, distributor, etc. | Flammarion,<br/> |
| Date of publication, distribution, etc. | 2021.<br/> |
| 520 ## - SUMMARY, ETC. | |
| Summary, etc. | Durant quelques années, j’ai été chasseuse de têtes: j’étais censée évaluer des candidats expérimentés qui occupaient des fonctions complexes et techniques, auxquelles je ne pouvais, du haut de mes vingt-deux ans, rien comprendre. Je me suis aussitôt retrouvée confrontée au non-sens absolu. Comment évaluer ce que je ne connaissais pas&#8239;? Comment juger des compétences nécessaires à des métiers dont j’ignorais tout&#8239;? C’est la philosophie qui m’a pour ainsi dire sauvée: mes études de philo m’ont enseigné à dynamiter mes préjugés et à rechercher le sens de ce qui est. C’est désormais ce que je m’emploie à faire, à la demande des entreprises, avec leurs collaborateurs. Je vous invite donc à un voyage philosophique, au ton volontairement léger, dans le monde des affaires. |
| 856 41 - ELECTRONIC LOCATION AND ACCESS | |
| Uniform Resource Identifier | <a href="https://shs.cairn.info/socrate-au-pays-des-process--9782080253668?lang=fr&redirect-ssocas=7080">https://shs.cairn.info/socrate-au-pays-des-process--9782080253668?lang=fr&redirect-ssocas=7080</a> |
Pas d'exemplaire disponible.




Réseaux sociaux